| 000 | 00617nam a22001937a 4500 | ||
|---|---|---|---|
| 999 |
_c166087 _d166087 |
||
| 005 | 20220217120252.0 | ||
| 010 | _aENG-125896 | ||
| 020 |
_a9788180901461 _c750.00 |
||
| 035 | _aEN-109428 | ||
| 037 | _bDBAD/PUB | ||
| 082 | _a181.43 | ||
| 100 | _aChatterjee, S.C. | ||
| 245 |
_aNyaya theory of knowledge / _cby S.C. Chatterjee |
||
| 260 |
_aDelhi _bBharatiya Kala Prakashan _c2018 |
||
| 270 |
_a3421-A, IInd Floor, Narang Colony, Tri Nagar _bDelhi _e110035 _k011-27393083 _msaies.pkbooks@gmail.com |
||
| 300 |
_axxii,359p. _c22cm(Hb) |
||
| 500 | _aIncludes index | ||
| 942 |
_2ddc _cEN _h181.43 _mCHA |
||